[Event "Regionalliga NW 9899"]
[Site "Bayern"]
[Date "1999.??.??"]
[Round "6.6"]
[White "Kaudelka, Norbert"]
[Black "Kinkelin, Ulrich"]
[Result "0-1"]
[WhiteElo "1895"]
[BlackElo "1960"]
[PlyCount "46"]
[EventDate "1998.??.??"]
[EventType "team-tourn"]
[EventRounds "9"]
[EventCountry "GER"]
[SourceTitle "EXT 2020"]
[Source "ChessBase"]
[SourceDate "2019.10.17"]
[SourceVersion "1"]
[SourceVersionDate "2019.10.17"]
[SourceQuality "1"]
[WhiteTeam "Mainaschaff"]
[BlackTeam "Wuerzburg II"]
[WhiteTeamCountry "GER"]
[BlackTeamCountry "GER"]

1. e4 d5 2. exd5 Nf6 3. Nc3 Nxd5 4. Bc4 e6 5. Nf3 Be7 6. d4 0-0 7. Be3 Nxc3 8. bxc3 c5 9. h4 Qa5 10. Bd3 cxd4 11. Bxh7+ Kxh7 12. Ng5+ Kg8 13. Bxd4 Bxg5 14. hxg5 Qxg5 15. Rh5 Qg6 16. Qf3 e5 17. Rh4 exd4 18. 0-0-0 dxc3 19. Rdh1 Qg5+ 20. Kb1 Qb5+ 21. Kc1 Qb2+ 22. Kd1 Rd8+ 23. Ke2 Qxc2+ 0-1

[Event "Regionalliga NW 9495"]
[Site "Bayern"]
[Date "1995.??.??"]
[Round "?.4"]
[White "Kaudelka, Norbert"]
[Black "Reis, Thomas"]
[Result "0-1"]
[WhiteElo "1910"]
[BlackElo "2005"]
[PlyCount "82"]
[EventDate "1994.10.??"]
[EventType "team-tourn"]
[EventRounds "9"]
[EventCountry "GER"]
[SourceTitle "EXT 1999"]
[Source "ChessBase"]
[SourceDate "1998.11.16"]
[SourceVersion "1"]
[SourceVersionDate "1998.11.16"]
[SourceQuality "1"]
[WhiteTeam "Grossw"]
[BlackTeam "Sand"]
[WhiteTeamCountry "GER"]
[BlackTeamCountry "GER"]

1. e4 c5 2. Nf3 Nf6 3. e5 Nd5 4. c3 d6 5. d4 cxd4 6. cxd4 Nc6 7. Nc3 Nxc3 8. bxc3 dxe5 9. d5 Nb8 10. Nxe5 Qc7 11. Qd4 f6 12. Bb5+ Nd7 13. Nd3 a6 14. Ba4 b5 15. Bb3 Bb7 16. Be3 Rc8 17. Rc1 Ne5 18. Nf4 Nc4 19. 0-0 Qd7 20. a4 g5 21. Nh5 Qxd5 22. Qxd5 Bxd5 23. Bd4 Bf7 24. Nxf6+ exf6 25. Bxf6 Rg8 26. Rcd1 Be6 27. Rd3 Be7 28. Re1 Bxf6 29. Rxe6+ Kf7 30. Rxa6 Rge8 31. g3 Kg7 32. axb5 Re1+ 33. Kg2 Ne5 34. Rdd6 Rxc3 35. Ra7+ Kg6 36. Bg8 Rcc1 37. Bxh7+ Kh5 38. g4+ Nxg4 39. Bf5 Nh6 40. Rxf6 Nxf5 41. Rxf5 Kg4 0-1

[Event "Regionalliga NW 9495"]
[Site "Bayern"]
[Date "1994.??.??"]
[Round "?.4"]
[White "Breithut, Kurt Georg"]
[Black "Kaudelka, Norbert"]
[Result "0-1"]
[WhiteElo "2035"]
[BlackElo "1910"]
[PlyCount "90"]
[EventDate "1994.10.??"]
[EventType "team-tourn"]
[EventRounds "9"]
[EventCountry "GER"]
[SourceTitle "EXT 1999"]
[Source "ChessBase"]
[SourceDate "1998.11.16"]
[SourceVersion "1"]
[SourceVersionDate "1998.11.16"]
[SourceQuality "1"]
[WhiteTeam "Coburg"]
[BlackTeam "Grossw"]
[WhiteTeamCountry "GER"]
[BlackTeamCountry "GER"]

1. g3 c5 2. Bg2 Nc6 3. d3 g6 4. e4 Bg7 5. f4 e6 6. Nf3 Nge7 7. 0-0 0-0 8. c3 d5 9. Na3 a6 10. Nc2 b5 11. Be3 d4 12. cxd4 cxd4 13. Bf2 e5 14. fxe5 Bg4 15. Qd2 Bxf3 16. Bxf3 Nxe5 17. Bg2 N7c6 18. Rac1 Qd6 19. Kh1 a5 20. Bg1 b4 21. Ne1 a4 22. Nf3 Rac8 23. Bh3 Rb8 24. Nxe5 Nxe5 25. Rfd1 Rfd8 26. Qe2 Bh6 27. Rb1 Rb7 28. b3 a3 29. Bf2 Rc7 30. Be1 Rb8 31. Bd2 Rc2 32. Bxb4 Qc6 33. Bd2 Rxa2 34. Bf1 Rc2 35. b4 a2 36. Ra1 Be3 37. Qg2 Qe6 38. h3 Qb3 39. Qe2 Rb2 40. Bg2 Rc8 41. Bf1 Rcc2 42. Bxe3 dxe3 43. Qxe3 Rh2+ 44. Kg1 Qc2 45. d4 Rh1+ 0-1